[Event "RUS-chT Higher League 2021"]
[Site "Sochi"]
[Date "2021.05.09"]
[Round "8.12"]
[White "Zhelnin, Vladimir V"]
[Black "Nechaev, Oleg"]
[Result "1/2-1/2"]
[WhiteElo "2408"]
[BlackElo "2368"]
[Annotator "NA"]
[PlyCount "59"]
[EventDate "2021.05.01"]
[EventType "team-tourn"]
[EventCountry "RUS"]
[SourceTitle "playchess.com"]
[Source "ChessBase"]
[SourceQuality "1"]
[TimeControl "40/5400+30:1800+30"]

1. e4 {[%emt 0:00:00]} c5 {[%emt 0:00:00]} 2. Nf3 {[%emt 0:00:28]} Nc6 {[%emt 0:00:00]} 3. Nc3 {[%emt 0:03:21]} e5 {[%emt 0:00:23]} 4. Bc4 {[%emt 0:00:36]} g6 {[%emt 0:00:12]} 5. d3 {[%emt 0:01:27]} h6 {[%emt 0:00:13]} 6. a3 {[%emt 0:07:22]} d6 {[%emt 0:00:55]} 7. Nd2 {[%emt 0:04:04]} Bg7 {[%emt 0:00:33]} 8. Nf1 {[%emt 0:00:10]} Nge7 {[%emt 0:00:15]} 9. Ne3 {[%emt 0:00:15]} O-O {[%emt 0:00:20]} 10. O-O {[%emt 0:00:30]} Rb8 {[%emt 0:02:25]} 11. Ncd5 {[%emt 0:14:30]} Kh7 {[%emt 0:14:09]} 12. c3 {[%emt 0:04:33]} b5 {[%emt 0:02:31]} 13. Ba2 {[%emt 0:00:12]} Nxd5 {[%emt 0:05:21]} 14. Nxd5 {[%emt 0:00:24]} Ne7 {[%emt 0:16:29]} 15. Be3 {[%emt 0:24:07]} Be6 {[%emt 0:04:34]} 16. Nxe7 {[%emt 0:04:06]} Qxe7 {[%emt 0:00:07]} 17. Bxe6 {[%emt 0:00:09]} Qxe6 {[%emt 0:00:18]} 18. Qd2 {[%emt 0:00:59]} f5 {[%emt 0:27:59]} 19. exf5 {[%emt 0:02:54]} gxf5 {[%emt 0:02:53]} 20. f4 {[%emt 0:00:10]} Qd5 {[%emt 0:00:42]} 21. fxe5 {[%emt 0:01:23]} dxe5 {[%emt 0:00:56]} 22. b4 {[%emt 0:07:18]} c4 {[%emt 0:03:01]} 23. Bxa7 {[%emt 0:04:19]} Rbd8 {[%emt 0:01:06]} 24. d4 {[%emt 0:01:08]} exd4 {[%emt 0:00:26]} 25. Bxd4 {[%emt 0:00:19]} Bxd4+ {[%emt 0:00:28]} 26. cxd4 {[%emt 0:00:08]} Qxd4+ {[%emt 0:00:48]} 27. Qxd4 {[%emt 0:00:08]} Rxd4 {[%emt 0:00:07]} 28. a4 {[%emt 0:07:06]} c3 {[%emt 0:01:58]} 29. axb5 {[%emt 0:02:40]} Rxb4 {[%emt 0:00:21]} 30. Ra7+ {[%emt 0:01:19]} 1/2-1/2

[Event "RUS-chT Higher League 2021"]
[Site "Sochi"]
[Date "2021.05.10"]
[Round "9.1"]
[White "Lysyj, Igor"]
[Black "Mokshanov, Alexey"]
[Result "*"]
[WhiteElo "2605"]
[BlackElo "2448"]
[Annotator "TA"]
[PlyCount "80"]
[EventDate "2021.05.01"]
[EventType "team-tourn"]
[EventCountry "RUS"]
[SourceTitle "playchess.com"]
[Source "ChessBase"]
[SourceQuality "1"]

{[%evp 11,80,25,30,-4,9,0,-19,-18,14,9,47,51,50,52,57,60,60,58,67,55,58,35,24,34,24,26,16,16,53,3,7,0,15,0,0,0,0,0,0,0,0,0,0,0,0,0,0,0,7,0,19,12,14,0,0,0,0,0,0,0,0,0,0,0,0,0,0,0,76,63,69]} 1. d4 d5 2. c4 e6 3. Nf3 Nf6 4. g3 dxc4 5. Bg2 a6 6. O-O Nc6 7. Qd2 {E04: Open Catalan: 5 Nf3.} Rb8 8. Ne5 Nxe5 9. dxe5 {The position is equal.} Qxd2 (9... Nd7 {looks sharper.} 10. Qf4 b5 11. Rd1 Bb7 12. Bxb7 Rxb7 13. Nc3 c6) 10. Nxd2 Nd7 (10... c3 $5 {[%cal Rc3d2]} 11. exf6 (11. bxc3 Nd7 $11) 11... cxd2 12. fxg7 (12. Bxd2 gxf6 13. Rac1 Bd6 $11) 12... Bxg7 13. Bxd2 Bxb2 $11) 11. Nxc4 {[#]} b6 $146 ({Predecessor:} 11... b5 12. Na5 Nxe5 13. Bf4 Bb4 14. Bxe5 Bxa5 15. Bxg7 Rg8 16. Be5 Bb7 17. Rac1 Bxg2 18. Kxg2 {1-0 (33) Lysyj,I (2605)-Pogosyan,S (2444) Cheliabinsk 2021}) 12. Be3 Bb7 13. Bxb7 Rxb7 14. Rac1 Rb8 15. Rfd1 Bc5 16. a4 Bxe3 17. Nxe3 Rc8 18. a5 Ke7 19. f4 b5 20. Ng4 Rhd8 21. Nf2 c5 22. b3 c4 23. bxc4 Rxc4 24. Rxc4 bxc4 $11 {[%mdl 4096] Endgame KRN-KRN} 25. Ne4 Rc8 26. Nc3 Rc5 27. Ra1 f6 28. exf6+ Nxf6 29. e4 Ne8 30. Kf2 Nd6 31. Ke3 Nb7 32. Rb1 Nxa5 33. Ra1 Kd8 34. e5 Kc7 35. Ke4 Kb7 36. Rd1 Nb3 37. g4 Rc7 38. f5 Nc5+ 39. Kd4 Kc6 (39... Kb6 $11 {keeps the balance.}) 40. Kxc4 $16 Rd7 {Weighted Error Value: White=0.05/Black=0.08} *

[Event "RUS-chT Higher League 2021"]
[Site "Sochi"]
[Date "2021.05.10"]
[Round "9.2"]
[White "Grebnev, Aleksey"]
[Black "Shomoev, Anton"]
[Result "1/2-1/2"]
[WhiteElo "2283"]
[BlackElo "2563"]
[Annotator "ChessBase"]
[PlyCount "40"]
[EventDate "2021.05.01"]
[EventType "team-tourn"]
[EventCountry "RUS"]
[SourceTitle "playchess.com"]
[Source "ChessBase"]
[SourceQuality "1"]
[TimeControl "40/5400+30:1800+30"]

1. e4 {[%emt 0:00:00]} c5 {[%emt 0:00:00]} 2. Nc3 {[%emt 0:00:00]} d6 {[%emt 0:00:00]} 3. d4 {[%emt 0:00:00]} cxd4 {[%emt 0:00:00]} 4. Qxd4 {[%emt 0:00:00]} Nc6 {[%emt 0:00:00]} 5. Qd2 {[%emt 0:00:02]} g6 {[%emt 0:00:00]} 6. b3 {[%emt 0:00:05]} Bh6 {[%emt 0:00:00]} 7. f4 {[%emt 0:00:05]} Nf6 {[%emt 0:00:03]} 8. Bb2 {[%emt 0:00:05]} e5 {[%emt 0:00:27]} 9. g3 {[%emt 0:07:08]} O-O {[%emt 0:00:10]} 10. O-O-O {[%emt 0:00:07]} Re8 {[%emt 0:01:38]} 11. Kb1 {[%emt 0:08:09]} Nd4 {[%emt 0:07:22]} 12. Nge2 {[%emt 0:10:42]} Bg4 {[%emt 0:00:53]} 13. Nxd4 {[%emt 0:12:20]} exd4 {[%emt 0:06:29]} 14. Qxd4 {[%emt 0:07:34]} Bxd1 {[%emt 0:00:11]} 15. Nxd1 {[%emt 0:00:10]} Bg7 {[%emt 0:01:49]} 16. Nf2 {[%emt 0:02:44]} Nh5 {[%emt 0:10:12]} 17. Qd2 {[%emt 0:02:30]} Bxb2 {[%emt 0:06:38]} 18. Kxb2 {[%emt 0:00:08]} Qb6 {[%emt 0:00:35]} 19. Bg2 {[%emt 0:01:12]} Nf6 {[%emt 0:00:47]} 20. Rd1 {[%emt 0:00:41]} Rad8 {[%emt 0:00:28]} 1/2-1/2

[Event "RUS-chT Higher League 2021"]
[Site "Sochi"]
[Date "2021.05.10"]
[Round "9.3"]
[White "Drygalov, Andrey"]
[Black "Sharikov, Alexander"]
[Result "1-0"]
[WhiteElo "2500"]
[BlackElo "2132"]
[Annotator "ChessBase"]
[PlyCount "84"]
[EventDate "2021.05.01"]
[EventType "team-tourn"]
[EventCountry "RUS"]
[SourceTitle "playchess.com"]
[Source "ChessBase"]
[SourceQuality "1"]
[TimeControl "40/5400+30:1800+30"]

1. Nf3 {[%emt 0:00:00]} Nf6 {[%emt 0:00:00]} 2. c4 {[%emt 0:00:00]} e6 {[%emt 0:00:10]} 3. d4 {[%emt 0:00:00]} Bb4+ {[%emt 0:00:09]} 4. Bd2 {[%emt 0:00:00]} Qe7 {[%emt 0:00:10]} 5. g3 {[%emt 0:00:00]} Nc6 {[%emt 0:00:16]} 6. Nc3 {[%emt 0:00:08]} O-O {[%emt 0:01:46]} 7. Rc1 {[%emt 0:00:12]} Bxc3 {[%emt 0:00:13]} 8. Bxc3 {[%emt 0:00:05]} Ne4 {[%emt 0:00:07]} 9. Bg2 {[%emt 0:00:31]} d6 {[%emt 0:00:35]} 10. d5 {[%emt 0:01:16]} Nd8 {[%emt 0:02:24]} 11. O-O {[%emt 0:03:06]} f5 {[%emt 0:05:47]} 12. dxe6 {[%emt 0:17:03]} Nxe6 {[%emt 0:00:52]} 13. e3 {[%emt 0:11:29]} Bd7 {[%emt 0:11:56]} 14. Nd4 {[%emt 0:01:31]} Nxc3 {[%emt 0:05:53]} 15. Rxc3 {[%emt 0:00:21]} Nc5 {[%emt 0:00:03]} 16. Rc1 {[%emt 0:04:22]} a5 {[%emt 0:01:36]} 17. b3 {[%emt 0:03:13]} Kh8 {[%emt 0:01:47]} 18. Qc2 {[%emt 0:01:37]} Qe5 {[%emt 0:02:07]} 19. Rfd1 {[%emt 0:06:35]} Rf7 {[%emt 0:01:09]} 20. Qc3 {[%emt 0:03:34]} Qe7 {[%emt 0:03:18]} 21. Re1 {[%emt 0:02:32]} Rff8 {[%emt 0:00:19]} 22. Qc2 {[%emt 0:01:09]} Rf7 {[%emt 0:01:13]} 23. a3 {[%emt 0:02:54]} g6 {[%emt 0:05:04]} 24. b4 {[%emt 0:02:28]} axb4 {[%emt 0:00:15]} 25. axb4 {[%emt 0:00:06]} Ne4 {[%emt 0:00:08]} 26. c5 {[%emt 0:00:59]} dxc5 {[%emt 0:04:03]} 27. bxc5 {[%emt 0:00:11]} Bc8 {[%emt 0:03:19]} 28. c6 {[%emt 0:00:55]} bxc6 {[%emt 0:03:10]} 29. Nxc6 {[%emt 0:07:35]} Qf6 {[%emt 0:00:18]} 30. f3 {[%emt 0:01:16]} Nd6 {[%emt 0:00:14]} 31. e4 {[%emt 0:00:26]} fxe4 {[%emt 0:12:53]} 32. fxe4 {[%emt 0:00:44]} Qg7 {[%emt 0:00:36]} 33. e5 {[%emt 0:00:56]} Bf5 {[%emt 0:00:13]} 34. Qb3 {[%emt 0:04:17]} Ne8 {[%emt 0:00:27]} 35. Rcd1 {[%emt 0:02:52]} Rd7 {[%emt 0:02:59]} 36. Rxd7 {[%emt 0:03:13]} Qxd7 {[%emt 0:00:59]} 37. Ne7 {[%emt 0:03:21]} Qxe7 {[%emt 0:06:15]} 38. Bxa8 {[%emt 0:00:53]} c6 {[%emt 0:00:01]} 39. Qb6 {[%emt 0:00:39]} Nc7 {[%emt 0:02:26]} 40. Bxc6 {[%emt 0:00:00]} Ne6 {[%emt 0:00:00]} 41. Bd5 {[%emt 0:00:57]} Qd7 {[%emt 0:00:39]} 42. Bg2 {[%emt 0:09:24]} h5 {[%emt 0:00:59]} 1-0

[Event "RUS-chT Higher League 2021"]
[Site "Sochi"]
[Date "2021.05.10"]
[Round "9.4"]
[White "Bobkov, Vadim"]
[Black "Radzhabov, Rodion"]
[Result "1/2-1/2"]
[WhiteElo "2265"]
[BlackElo "2352"]
[Annotator "NA"]
[PlyCount "56"]
[EventDate "2021.05.01"]
[EventType "team-tourn"]
[EventCountry "RUS"]
[SourceTitle "playchess.com"]
[Source "ChessBase"]
[SourceQuality "1"]
[TimeControl "40/5400+30:1800+30"]

1. d4 {[%emt 0:00:00]} Nf6 {[%emt 0:00:00]} 2. c4 {[%emt 0:00:00]} e6 {[%emt 0:00:00]} 3. Nf3 {[%emt 0:00:00]} Bb4+ {[%emt 0:00:00]} 4. Bd2 {[%emt 0:00:00]} Bxd2+ {[%emt 0:00:34]} 5. Qxd2 {[%emt 0:00:23]} d5 {[%emt 0:00:06]} 6. Nc3 {[%emt 0:03:43]} O-O {[%emt 0:00:20]} 7. Rc1 {[%emt 0:12:21]} Qe7 {[%emt 0:00:22]} 8. e3 {[%emt 0:00:39]} Rd8 {[%emt 0:00:39]} 9. cxd5 {[%emt 0:01:51]} exd5 {[%emt 0:00:06]} 10. Bd3 {[%emt 0:00:19]} Nc6 {[%emt 0:00:05]} 11. h3 {[%emt 0:02:25]} Ne4 {[%emt 0:04:39]} 12. Qe2 {[%emt 0:14:44]} Bf5 {[%emt 0:05:08]} 13. O-O {[%emt 0:01:40]} a6 {[%emt 0:13:51]} 14. Nd2 {[%emt 0:08:52]} Nxd2 {[%emt 0:02:35]} 15. Qxd2 {[%emt 0:00:09]} Bxd3 {[%emt 0:00:04]} 16. Qxd3 {[%emt 0:00:03]} Na7 {[%emt 0:00:07]} 17. Rb1 {[%emt 0:14:50]} c6 {[%emt 0:02:46]} 18. b4 {[%emt 0:01:09]} Nb5 {[%emt 0:15:45]} 19. a4 {[%emt 0:00:17]} Nd6 {[%emt 0:02:09]} 20. b5 {[%emt 0:00:41]} axb5 {[%emt 0:00:21]} 21. axb5 {[%emt 0:00:05]} g6 {[%emt 0:00:38]} 22. Rfc1 {[%emt 0:09:53]} Nc4 {[%emt 0:09:45]} 23. Ra1 {[%emt 0:12:37]} Ra3 {[%emt 0:07:45]} 24. bxc6 {[%emt 0:01:09]} bxc6 {[%emt 0:00:21]} 25. e4 {[%emt 0:01:06]} Qg5 {[%emt 0:09:04]} 26. Re1 {[%emt 0:05:13]} Rxa1 {[%emt 0:14:49]} 27. Rxa1 {[%emt 0:00:01]} Qd2 {[%emt 0:00:08]} 28. Qxd2 {[%emt 0:00:20]} Nxd2 {[%emt 0:00:02]} 1/2-1/2

[Event "RUS-chT Higher League 2021"]
[Site "Sochi"]
[Date "2021.05.10"]
[Round "9.5"]
[White "Kezin, Roman"]
[Black "Bryakin, Mikhail"]
[Result "1/2-1/2"]
[WhiteElo "2472"]
[BlackElo "2467"]
[Annotator "ChessBase"]
[PlyCount "99"]
[EventDate "2021.05.01"]
[EventType "team-tourn"]
[EventCountry "RUS"]
[SourceTitle "playchess.com"]
[Source "ChessBase"]
[SourceQuality "1"]
[TimeControl "40/5400+30:1800+30"]

1. Nf3 {[%emt 0:00:00]} Nf6 {[%emt 0:00:00]} 2. c4 {[%emt 0:00:00]} e6 {[%emt 0:00:35]} 3. Nc3 {[%emt 0:00:33]} d5 {[%emt 0:01:50]} 4. d4 {[%emt 0:06:20]} dxc4 {[%emt 0:01:49]} 5. Bg5 {[%emt 0:03:02]} a6 {[%emt 0:11:42]} 6. e3 {[%emt 0:15:53]} b5 {[%emt 0:19:27]} 7. a4 {[%emt 0:01:03]} c6 {[%emt 0:01:10]} 8. axb5 {[%emt 0:14:32]} cxb5 {[%emt 0:00:23]} 9. Nxb5 {[%emt 0:09:27]} axb5 {[%emt 0:00:39]} 10. Rxa8 {[%emt 0:00:06]} Bb7 {[%emt 0:01:02]} 11. Ra1 {[%emt 0:20:44]} Bb4+ {[%emt 0:00:24]} 12. Nd2 {[%emt 0:00:47]} e5 {[%emt 0:04:45]} 13. Be2 {[%emt 0:05:56]} exd4 {[%emt 0:03:15]} 14. O-O {[%emt 0:03:36]} Bxd2 {[%emt 0:18:31]} 15. Qxd2 {[%emt 0:03:36]} Ne4 {[%emt 0:00:55]} 16. Bxd8 {[%emt 0:01:19]} Nxd2 {[%emt 0:02:05]} 17. Rfd1 {[%emt 0:06:01]} Kxd8 {[%emt 0:01:27]} 18. Rxd2 {[%emt 0:00:15]} d3 {[%emt 0:00:07]} 19. b3 {[%emt 0:01:55]} Kc7 {[%emt 0:04:36]} 20. bxc4 {[%emt 0:02:30]} bxc4 {[%emt 0:01:18]} 21. Bxd3 {[%emt 0:02:14]} cxd3 {[%emt 0:00:19]} 22. Rxd3 {[%emt 0:00:02]} Nc6 {[%emt 0:00:48]} 23. f3 {[%emt 0:00:12]} Rb8 {[%emt 0:01:12]} 24. Rad1 {[%emt 0:00:22]} Bc8 {[%emt 0:02:21]} 25. R1d2 {[%emt 0:00:27]} Be6 {[%emt 0:01:13]} 26. Rc3 {[%emt 0:00:07]} Rb3 {[%emt 0:02:01]} 27. Rxb3 {[%emt 0:00:06]} Bxb3 {[%emt 0:00:05]} 28. Kf2 {[%emt 0:00:20]} Ne5 {[%emt 0:01:25]} 29. e4 {[%emt 0:00:47]} Nd7 {[%emt 0:00:54]} 30. Ke3 {[%emt 0:00:42]} Kd8 {[%emt 0:00:56]} 31. f4 {[%emt 0:00:04]} f6 {[%emt 0:00:56]} 32. Rb2 {[%emt 0:00:22]} Be6 {[%emt 0:00:36]} 33. Kd4 {[%emt 0:00:03]} Ke7 {[%emt 0:00:43]} 34. Rb7 {[%emt 0:00:04]} Kd6 {[%emt 0:00:55]} 35. Ra7 {[%emt 0:00:06]} Ke7 {[%emt 0:00:46]} 36. Ra8 {[%emt 0:00:17]} h6 {[%emt 0:01:06]} 37. Ra7 {[%emt 0:01:17]} Kd6 {[%emt 0:00:29]} 38. Ra6+ {[%emt 0:00:34]} Ke7 {[%emt 0:00:12]} 39. Ra8 {[%emt 0:00:05]} Bf7 {[%emt 0:02:18]} 40. Ra5 {[%emt 0:00:00]} Be6 {[%emt 0:00:00]} 41. h3 {[%emt 0:01:51]} g5 {[%emt 0:03:14]} 42. Ke3 {[%emt 0:02:18]} gxf4+ {[%emt 0:00:31]} 43. Kxf4 {[%emt 0:00:04]} Ne5 {[%emt 0:00:26]} 44. Ra7+ {[%emt 0:00:05]} Bd7 {[%emt 0:01:21]} 45. g4 {[%emt 0:00:34]} Kf7 {[%emt 0:02:14]} 46. Ra8 {[%emt 0:00:54]} Kg6 {[%emt 0:01:22]} 47. Ra7 {[%emt 0:00:48]} Kf7 {[%emt 0:00:42]} 48. Kg3 {[%emt 0:00:05]} Kg6 {[%emt 0:00:33]} 49. Rc7 {[%emt 0:01:19]} Kf7 {[%emt 0:01:32]} 50. Ra7 {[%emt 0:02:06]} 1/2-1/2

[Event "RUS-chT Higher League 2021"]
[Site "Sochi"]
[Date "2021.05.10"]
[Round "9.6"]
[White "Yeletsky, Ivan"]
[Black "Obgolts, Erik"]
[Result "1/2-1/2"]
[WhiteElo "2448"]
[BlackElo "2414"]
[Annotator "NA"]
[PlyCount "84"]
[EventDate "2021.05.01"]
[EventType "team-tourn"]
[EventCountry "RUS"]
[SourceTitle "playchess.com"]
[Source "ChessBase"]
[SourceQuality "1"]
[TimeControl "40/5400+30:1800+30"]

1. d4 {[%emt 0:00:00]} Nf6 {[%emt 0:00:00]} 2. c4 {[%emt 0:00:00]} g6 {[%emt 0:00:00]} 3. Nc3 {[%emt 0:00:00]} Bg7 {[%emt 0:00:00]} 4. e4 {[%emt 0:00:09]} d6 {[%emt 0:00:00]} 5. Nf3 {[%emt 0:00:12]} O-O {[%emt 0:00:03]} 6. Be2 {[%emt 0:00:08]} e5 {[%emt 0:00:04]} 7. O-O {[%emt 0:00:08]} Bg4 {[%emt 0:00:03]} 8. d5 {[%emt 0:00:08]} a5 {[%emt 0:00:57]} 9. Be3 {[%emt 0:00:19]} Na6 {[%emt 0:00:26]} 10. Nd2 {[%emt 0:00:41]} Bd7 {[%emt 0:00:12]} 11. a3 {[%emt 0:01:04]} h5 {[%emt 0:02:31]} 12. h3 {[%emt 0:02:02]} Nh7 {[%emt 0:01:28]} 13. Rb1 {[%emt 0:13:27]} Nc5 {[%emt 0:08:09]} 14. b4 {[%emt 0:01:19]} axb4 {[%emt 0:00:11]} 15. axb4 {[%emt 0:00:12]} Na4 {[%emt 0:00:09]} 16. Nxa4 {[%emt 0:00:58]} Bxa4 {[%emt 0:01:35]} 17. Qc1 {[%emt 0:00:09]} f5 {[%emt 0:11:34]} 18. exf5 {[%emt 0:09:55]} gxf5 {[%emt 0:00:05]} 19. f4 {[%emt 0:00:44]} Qe8 {[%emt 0:04:19]} 20. fxe5 {[%emt 0:09:24]} Qxe5 {[%emt 0:03:31]} 21. Nf3 {[%emt 0:02:01]} Qe4 {[%emt 0:00:19]} 22. Bd1 {[%emt 0:07:50]} Bxd1 {[%emt 0:01:03]} 23. Rxd1 {[%emt 0:00:07]} Ra2 {[%emt 0:00:28]} 24. Re1 {[%emt 0:06:16]} Rc2 {[%emt 0:10:01]} 25. Qd1 {[%emt 0:00:19]} Bc3 {[%emt 0:03:46]} 26. Nd2 {[%emt 0:04:59]} Bxd2 {[%emt 0:05:54]} 27. Bxd2 {[%emt 0:00:15]} Qd4+ {[%emt 0:00:03]} 28. Be3 {[%emt 0:00:06]} Qxd1 {[%emt 0:00:04]} 29. Rbxd1 {[%emt 0:06:01]} f4 {[%emt 0:11:35]} 30. Rc1 {[%emt 0:04:31]} Ra2 {[%emt 0:00:55]} 31. Bf2 {[%emt 0:03:19]} f3 {[%emt 0:00:51]} 32. Rc3 {[%emt 0:11:29]} Ng5 {[%emt 0:03:45]} 33. h4 {[%emt 0:00:18]} fxg2 {[%emt 0:00:33]} 34. Rg3 {[%emt 0:00:08]} Rfxf2 {[%emt 0:01:07]} 35. Rxg5+ {[%emt 0:00:12]} Kf7 {[%emt 0:00:23]} 36. Rxh5 {[%emt 0:00:15]} Rf4 {[%emt 0:01:28]} 37. Rh7+ {[%emt 0:03:25]} Kg6 {[%emt 0:01:23]} 38. Rxc7 {[%emt 0:00:24]} Rxh4 {[%emt 0:00:56]} 39. Re6+ {[%emt 0:00:08]} Kf5 {[%emt 0:00:12]} 40. Rf7+ {[%emt 0:00:00]} Kg5 {[%emt 0:00:00]} 41. Rg7+ {[%emt 0:00:35]} Kf5 {[%emt 0:00:08]} 42. Rf7+ {[%emt 0:00:17]} Kg5 1/2-1/2

[Event "RUS-chT Higher League 2021"]
[Site "Sochi"]
[Date "2021.05.10"]
[Round "9.7"]
[White "Ovod, Evgenija"]
[Black "Smirnov, Timofey"]
[Result "1/2-1/2"]
[WhiteElo "2341"]
[BlackElo "2415"]
[Annotator "NA"]
[PlyCount "86"]
[EventDate "2021.05.01"]
[EventType "team-tourn"]
[EventCountry "RUS"]
[SourceTitle "playchess.com"]
[Source "ChessBase"]
[SourceQuality "1"]
[TimeControl "40/5400+30:1800+30"]

1. e4 {[%emt 0:00:00]} c5 {[%emt 0:00:00]} 2. c3 {[%emt 0:00:00]} d5 {[%emt 0:00:00]} 3. exd5 {[%emt 0:00:00]} Qxd5 {[%emt 0:00:00]} 4. d4 {[%emt 0:00:00]} Nc6 {[%emt 0:00:00]} 5. Nf3 {[%emt 0:00:49]} Bg4 {[%emt 0:00:09]} 6. Be2 {[%emt 0:00:17]} e6 {[%emt 0:00:11]} 7. O-O {[%emt 0:01:18]} Nf6 {[%emt 0:00:14]} 8. Be3 {[%emt 0:01:39]} cxd4 {[%emt 0:00:10]} 9. cxd4 {[%emt 0:00:43]} Be7 {[%emt 0:00:13]} 10. Nc3 {[%emt 0:00:10]} Qd6 {[%emt 0:00:06]} 11. h3 {[%emt 0:06:57]} Bh5 {[%emt 0:00:18]} 12. Qd2 {[%emt 0:07:58]} O-O {[%emt 0:02:01]} 13. Bf4 {[%emt 0:05:55]} Qd8 {[%emt 0:01:28]} 14. Rad1 {[%emt 0:05:32]} Nd5 {[%emt 0:08:57]} 15. Ne5 {[%emt 0:07:13]} Bxe2 {[%emt 0:05:03]} 16. Nxe2 {[%emt 0:04:27]} Rc8 {[%emt 0:01:37]} 17. a3 {[%emt 0:04:19]} Bd6 {[%emt 0:11:12]} 18. Bg3 {[%emt 0:03:27]} Bxe5 {[%emt 0:03:01]} 19. dxe5 {[%emt 0:03:34]} Qa5 {[%emt 0:03:55]} 20. Nf4 {[%emt 0:18:00]} Nxf4 {[%emt 0:12:57]} 21. Bxf4 {[%emt 0:04:52]} Qb5 {[%emt 0:00:56]} 22. Qe3 {[%emt 0:01:55]} Rfd8 {[%emt 0:03:44]} 23. b4 {[%emt 0:01:07]} a6 {[%emt 0:04:41]} 24. Bg3 {[%emt 0:05:54]} Rd5 {[%emt 0:01:34]} 25. Rxd5 {[%emt 0:01:43]} Qxd5 {[%emt 0:00:03]} 26. Rc1 {[%emt 0:03:48]} h6 {[%emt 0:03:16]} 27. f4 {[%emt 0:00:34]} Rd8 {[%emt 0:00:31]} 28. Bf2 {[%emt 0:01:43]} Qa2 {[%emt 0:06:16]} 29. Qg3 {[%emt 0:07:52]} Qd2 {[%emt 0:03:58]} 30. Rc3 {[%emt 0:00:20]} Qd1+ {[%emt 0:11:05]} 31. Kh2 {[%emt 0:00:02]} Qb1 {[%emt 0:00:15]} 32. Qf3 {[%emt 0:01:31]} Rd1 {[%emt 0:00:18]} 33. g4 {[%emt 0:00:09]} Rd2 {[%emt 0:00:53]} 34. Kg3 {[%emt 0:00:30]} Nd4 {[%emt 0:05:04]} 35. Bxd4 {[%emt 0:00:22]} Rxd4 {[%emt 0:00:01]} 36. Qe3 {[%emt 0:00:21]} Rd1 {[%emt 0:05:48]} 37. Kh4 {[%emt 0:01:24]} Re1 {[%emt 0:02:01]} 38. Qd3 {[%emt 0:00:28]} Qxd3 {[%emt 0:02:47]} 39. Rxd3 {[%emt 0:00:01]} g6 {[%emt 0:00:01]} 40. g5 {[%emt 0:00:00]} hxg5+ {[%emt 0:00:00]} 41. Kxg5 {[%emt 0:04:11]} Kg7 {[%emt 0:02:10]} 42. Rd7 {[%emt 0:16:43]} Ra1 {[%emt 0:00:45]} 43. Rxb7 {[%emt 0:00:29]} Rxa3 {[%emt 0:00:02]} 1/2-1/2

[Event "RUS-chT Higher League 2021"]
[Site "Sochi"]
[Date "2021.05.10"]
[Round "9.8"]
[White "Klukin, Kirill"]
[Black "Kolmagorov, Alexey"]
[Result "1-0"]
[WhiteElo "2330"]
[BlackElo "2129"]
[Annotator "NA"]
[PlyCount "79"]
[EventDate "2021.05.01"]
[EventType "team-tourn"]
[EventCountry "RUS"]
[SourceTitle "playchess.com"]
[Source "ChessBase"]
[SourceQuality "1"]
[TimeControl "40/5400+30:1800+30"]

1. c4 {[%emt 0:00:00]} Nf6 {[%emt 0:00:00]} 2. Nf3 {[%emt 0:00:00]} c5 {[%emt 0:00:50]} 3. b3 {[%emt 0:00:04]} g6 {[%emt 0:00:44]} 4. Bb2 {[%emt 0:00:07]} Bg7 {[%emt 0:00:04]} 5. e4 {[%emt 0:04:44]} d6 {[%emt 0:03:22]} 6. d3 {[%emt 0:07:31]} Nc6 {[%emt 0:01:23]} 7. Nc3 {[%emt 0:02:09]} O-O {[%emt 0:05:26]} 8. Be2 {[%emt 0:00:41]} a6 {[%emt 0:00:44]} 9. O-O {[%emt 0:01:29]} Ne8 {[%emt 0:02:38]} 10. Qd2 {[%emt 0:01:01]} Nc7 {[%emt 0:03:59]} 11. Nd5 {[%emt 0:03:33]} Bxb2 {[%emt 0:06:13]} 12. Qxb2 {[%emt 0:01:25]} Ne6 {[%emt 0:00:32]} 13. b4 {[%emt 0:20:55]} Ncd4 {[%emt 0:10:28]} 14. bxc5 {[%emt 0:01:37]} dxc5 {[%emt 0:00:35]} 15. a4 {[%emt 0:00:22]} Bd7 {[%emt 0:10:41]} 16. Ne5 {[%emt 0:05:11]} Bc6 {[%emt 0:04:14]} 17. f4 {[%emt 0:07:32]} Qd6 {[%emt 0:02:18]} 18. g3 {[%emt 0:00:45]} Nxe2+ {[%emt 0:08:03]} 19. Qxe2 {[%emt 0:00:07]} Nd4 {[%emt 0:00:16]} 20. Qg2 {[%emt 0:12:34]} Bxd5 {[%emt 0:07:50]} 21. cxd5 {[%emt 0:05:27]} b5 {[%emt 0:00:43]} 22. h4 {[%emt 0:01:40]} f6 {[%emt 0:07:10]} 23. Ng4 {[%emt 0:00:29]} c4 {[%emt 0:01:33]} 24. dxc4 {[%emt 0:02:28]} bxc4 {[%emt 0:00:30]} 25. Rad1 {[%emt 0:00:13]} Nb3 {[%emt 0:02:35]} 26. Kh2 {[%emt 0:03:58]} Qc5 {[%emt 0:01:44]} 27. d6 {[%emt 0:02:20]} exd6 {[%emt 0:03:15]} 28. e5 {[%emt 0:00:54]} fxe5 {[%emt 0:07:57]} 29. fxe5 {[%emt 0:01:25]} d5 {[%emt 0:07:11]} 30. Nf6+ {[%emt 0:00:40]} Kh8 {[%emt 0:00:31]} 31. Rxd5 {[%emt 0:01:05]} Qc6 {[%emt 0:01:15]} 32. Rd7 {[%emt 0:00:22]} Qxg2+ {[%emt 0:00:22]} 33. Kxg2 {[%emt 0:00:04]} Rxf6 {[%emt 0:00:03]} 34. Rxf6 {[%emt 0:00:09]} Rc8 {[%emt 0:01:14]} 35. Rfd6 {[%emt 0:00:11]} Nc5 {[%emt 0:00:29]} 36. Rd8+ {[%emt 0:00:27]} Rxd8 {[%emt 0:00:04]} 37. Rxd8+ {[%emt 0:00:05]} Kg7 {[%emt 0:00:02]} 38. Rc8 {[%emt 0:00:16]} Nxa4 {[%emt 0:00:55]} 39. Rxc4 {[%emt 0:00:25]} Nb2 {[%emt 0:00:03]} 40. Rc7+ {[%emt 0:00:00]} 1-0

[Event "RUS-chT Higher League 2021"]
[Site "Sochi"]
[Date "2021.05.10"]
[Round "9.9"]
[White "Khegay, Dmitriy"]
[Black "Kokarev, Dmitry"]
[Result "1/2-1/2"]
[WhiteElo "2523"]
[BlackElo "2631"]
[Annotator "TA"]
[PlyCount "54"]
[EventDate "2021.05.01"]
[EventType "team-tourn"]
[EventCountry "RUS"]
[SourceTitle "playchess.com"]
[Source "ChessBase"]
[SourceQuality "1"]

{[%evp 17,31,0,0,0,-6,0,0,0,0,0,0,0,0,0,4,10]} 1. e4 c5 2. Nf3 d6 3. d4 cxd4 4. Nxd4 Nf6 5. f3 Nc6 6. c4 e6 7. Nc3 Be7 8. Be3 O-O 9. Be2 d5 {The position is equal.} 10. exd5 {B55: Sicilian: 2...d6 3 d4 cxd4 4 Nxd4 Nf6 5 f3.} exd5 11. Nxc6 bxc6 12. cxd5 Nxd5 13. Nxd5 cxd5 14. O-O Bf6 15. Bd4 Rb8 16. b3 {[#] Not much happened in this game.  Weighted Error Value: White=0.00/Black=0.00} {Predecessor:} Re8 $146 17. Rf2 Bh4 18. g3 Bf6 19. Bf1 a5 20. Rc1 Be6 21. Bxf6 Qxf6 22. Rc5 Ra8 23. Qd2 a4 24. bxa4 Rxa4 25. Bb5 Rd4 26. Qc3 Bh3 27. Re2 Rd1+ {0-1 (27) Kokarev,D (2563)-Durarbayli,V (2823) Chess.com INT 2020} 1/2-1/2